Erwin Olaf /
Uloženo v:
| Další autoři: | , |
|---|---|
| Médium: | Kniha |
| Jazyk: | italština angličtina |
| Vydáno: |
Cinisello Balsamo :
Silvana,
©2020
|
| Tagy: |
Žádné tagy, Buďte první, kdo vytvoří štítek k tomuto záznamu!
|
MARC
| LEADER | 00000nam a22000007i 4500 | ||
|---|---|---|---|
| 001 | IT\ICCU\MOD\1714879 | ||
| 003 | ItRI | ||
| 005 | 20260115232100.0 | ||
| 008 | 201030s2020 it |||||| ||||| |||||c | ||
| 020 | |a 9788836646043 | ||
| 040 | |b ita |c importazione bologna sebina | ||
| 041 | 7 | |a ita |a eng |2 ISO-639-2 | |
| 130 | 0 | |a Erwin Olaf |3 IT\ICCU\UBO\4866709 | |
| 245 | 0 | 0 | |a Erwin Olaf / |c [testo di Walter Guadagnini]. |
| 260 | |a Cinisello Balsamo : |b Silvana, |c ©2020 | ||
| 300 | |a 95 p. : |b ill. ; |c 29 cm | ||
| 500 | |a In calce al frontespizio: Paci Contemporary | ||
| 500 | |a Testo anche in inglese | ||
| 700 | 1 | |a Guadagnini, Walter |0 IT\ICCU\CFIV\036099 | |
| 700 | 1 | |a Olaf, Erwin |0 IT\ICCU\TO0V\478670 | |
| 942 | |2 ddc |c BK |n 0 | ||
| 952 | |0 0 |1 0 |4 0 |6 DOC_770_920000000000000_OLA |7 0 |9 19718 |a BO |b BO |d 2026-01-15 |i 20624 |l 0 |o DOC 770.92 OLA |p BO20624 |r 2026-01-15 23:21:00 |w 2026-01-15 |x [Sebina 7] [1 v.] |y BK |z 1 v. | ||
| 999 | |c 16815 |d 16815 | ||